[Event "Baden-ch U12"]
[Site "Karlsruhe"]
[Date "2012.01.04"]
[Round "3"]
[White "Wagner, Anna"]
[Black "Harass, Kevin"]
[Result "0-1"]
[WhiteElo "739"]
[BlackElo "927"]
[PlyCount "108"]
[EventDate "2012.01.03"]
[EventType "swiss"]
[EventRounds "7"]
[EventCountry "GER"]
[SourceTitle "EXT 2015"]
[Source "ChessBase"]
[SourceDate "2014.11.20"]
[SourceVersion "1"]
[SourceVersionDate "2014.11.20"]
[SourceQuality "1"]

1. e4 e5 2. Nf3 Nc6 3. Bc4 Bc5 4. Nc3 Nf6 5. d3 Ng4 6. Qe2 Nxf2 7. Bg5 f6 8. 0-0 Nxe4+ 9. Be3 Nxc3 10. bxc3 Bxe3+ 11. Qxe3 d5 12. Bb5 Bd7 13. c4 d4 14. Qe4 0-0 15. Qd5+ Kh8 16. Nh4 Be8 17. Qf3 f5 18. Qh3 Bd7 19. c5 f4 20. Ng6+ Kg8 21. Bc4+ Rf7 22. Qh5 hxg6 23. Qxg6 Qf6 24. Qxf7+ Qxf7 25. Bxf7+ Kxf7 26. Rf3 Rh8 27. g3 Rh6 28. gxf4 Rg6+ 29. Kf2 exf4 30. Rxf4+ Rf6 31. Rxf6+ gxf6 32. Rb1 b6 33. Kg3 Ne5 34. Rb4 Be6 35. Ra4 a5 36. Rxd4 Bxa2 37. Rf4 Bb1 38. d4 Nd7 39. c6 Nf8 40. d5 Bxc2 41. d6 Ne6 42. Rh4 a4 43. Rh7+ Bxh7 44. Kf3 a3 45. Ke2 a2 46. Kd2 a1Q 47. dxc7 Nxc7 48. Ke2 Qd4 49. Kf3 b5 50. Ke2 Qd3+ 51. Kf2 b4 52. Kg2 b3 53. Kf2 b2 54. Ke1 b1Q+ 0-1